zpět

Detail výsledku týmu

Žlíbka Pub, Jevíčko

Datum a čas kvízu

20.5 Celkem bodů Celkový počet nahraných bodů na tomto kvízu bez doplňovacích otázek.
7. Pořadí na kvízu Konečné umístění týmu na tomto kvízu.

Zaznamenané odpovědi

# Otázka Odpověď Body Výsledky
1. Minulý týden jsme se dozvěděli... Královská opera/ Royal Opera 0
2. Jistá evropská metropole se ro... Berlín 0
3. Ve čtvrtek vstoupil do kin dlo... Il Boemo, Josef Mysliveček 1
4. Jeden z nejznámějších snímků d... D) Sloupy stvoření 0
5. Sedmatřicetiletá česká tenistk... Lucie Hradecká 1
6. Ve výběru tohoto tématu na vás... FK Teplice 0
7. Filmy často vznikají podle kni... Piráti z Karibiku 0
8. Bílá nemoc je české protiváleč... Galén, Hugo Haas 0.5
9. Napište název snímku režiséra... Rudá volavka (Red Sparrow) 1
10. Černá kočka, bílý kocour je bl... Emir Kusturica 1